000 00404nam a22001217a 4500
020 _a0735615861
082 _222
_a005.2768
100 _aNA
245 _aMCAD/MCSD self paced trainign kit :
_bdeveloping XML web services and servers components with microsoft visual basic NET and microsoft C#.NET /
260 _aUSA,
_bMicrosoft Press,
_cc2003.
300 _axxix, 651p. ;
_bill. ;
_c23 cm.
942 _2ddc
_cIT
999 _c1847
_d1847